<?xml version="1.0" encoding="UTF-8"?>
<record
    xmlns:xsi="http://www.w3.org/2001/XMLSchema-instance"
    xsi:schemaLocation="http://www.loc.gov/MARC21/slim http://www.loc.gov/standards/marcxml/schema/MARC21slim.xsd"
    xmlns="http://www.loc.gov/MARC21/slim">

  <leader>03820nam a2200589Ia 4500</leader>
  <controlfield tag="001">6744</controlfield>
  <controlfield tag="008">241029s9999    xx            000 0 und d</controlfield>
  <datafield tag="010" ind1=" " ind2=" ">
    <subfield code="a">6368</subfield>
  </datafield>
  <datafield tag="041" ind1=" " ind2=" ">
    <subfield code="a">Espa&#xF1;ol</subfield>
  </datafield>
  <datafield tag="082" ind1=" " ind2=" ">
    <subfield code="a">FCE-00241</subfield>
  </datafield>
  <datafield tag="245" ind1=" " ind2="0">
    <subfield code="a">Blended Learning como estrategia pedag&#xF3;gica para mejorar el rendimiento acad&#xE9;mico de los estudiantes de la asignatura Simulaci&#xF3;n de Sistemas de la carrera de Ingenier&#xED;a En Sistemas y C&#xF3;mputos de la Universidad Dominicana O&amp;M, Extensi&#xF3;n Moca, en el per&#xED;odo septiembre-diciembre del 2017. </subfield>
  </datafield>
  <datafield tag="260" ind1=" " ind2=" ">
    <subfield code="a">Espaillat</subfield>
  </datafield>
  <datafield tag="300" ind1=" " ind2=" ">
    <subfield code="a">127</subfield>
  </datafield>
  <datafield tag="520" ind1=" " ind2=" ">
    <subfield code="a">71</subfield>
  </datafield>
  <datafield tag="630" ind1=" " ind2=" ">
    <subfield code="a">Recursos Tecnol&#xF3;gicos</subfield>
  </datafield>
  <datafield tag="630" ind1=" " ind2=" ">
    <subfield code="a">Retos</subfield>
  </datafield>
  <datafield tag="630" ind1=" " ind2=" ">
    <subfield code="a">Roles Educativos</subfield>
  </datafield>
  <datafield tag="630" ind1=" " ind2=" ">
    <subfield code="a">Tecnolog&#xED;a de la Informaci&#xF3;n y Comunicaci&#xF3;n (TICs)</subfield>
  </datafield>
  <datafield tag="630" ind1=" " ind2=" ">
    <subfield code="a">Tecnolog&#xED;a Educativa</subfield>
  </datafield>
  <datafield tag="650" ind1=" " ind2=" ">
    <subfield code="a">Rendimiento acad&#xE9;mico</subfield>
  </datafield>
  <datafield tag="690" ind1=" " ind2=" ">
    <subfield code="a">Copiado sin cambios</subfield>
  </datafield>
  <datafield tag="700" ind1=" " ind2=" ">
    <subfield code="e">asesor</subfield>
    <subfield code="a">Garc&#xED;a Tati, Arelis</subfield>
  </datafield>
  <datafield tag="700" ind1=" " ind2=" ">
    <subfield code="e">autor</subfield>
    <subfield code="a"> D&#xED;az Valerio, Johanna Mar&#xED;a </subfield>
  </datafield>
  <datafield tag="700" ind1=" " ind2=" ">
    <subfield code="e">autor</subfield>
    <subfield code="a"> Minaya &#xC3;&#x81;lvarez,  Carlos Manuel</subfield>
  </datafield>
  <datafield tag="700" ind1=" " ind2=" ">
    <subfield code="e">autor</subfield>
    <subfield code="a">Hern&#xE1;ndez Batista, Bernardino Antonio</subfield>
  </datafield>
  <datafield tag="901" ind1=" " ind2=" ">
    <subfield code="a">{"1":" D&#xED;az Valerio","2":" Minaya &#xC3;&#x81;lvarez","3":"Hern&#xE1;ndez Batista"}</subfield>
    <subfield code="b">{"1":"Johanna Mar&#xED;a ","2":" Carlos Manuel","3":"Bernardino Antonio"}</subfield>
  </datafield>
  <datafield tag="902" ind1=" " ind2=" ">
    <subfield code="a">1</subfield>
  </datafield>
  <datafield tag="903" ind1=" " ind2=" ">
    <subfield code="a">{"1":"Garc&#xED;a Tati"}</subfield>
    <subfield code="b">{"1":"Arelis"}</subfield>
  </datafield>
  <datafield tag="904" ind1=" " ind2=" ">
    <subfield code="a">Mag&#xED;ster en</subfield>
  </datafield>
  <datafield tag="905" ind1=" " ind2=" ">
    <subfield code="a">Ciencias de la Educaci&#xF3;n</subfield>
  </datafield>
  <datafield tag="906" ind1=" " ind2=" ">
    <subfield code="a">1</subfield>
  </datafield>
  <datafield tag="907" ind1=" " ind2=" ">
    <subfield code="a">Menci&#xF3;n en</subfield>
  </datafield>
  <datafield tag="908" ind1=" " ind2=" ">
    <subfield code="a">Gesti&#xF3;n de Tecnolog&#xED;a Educativa</subfield>
  </datafield>
  <datafield tag="909" ind1=" " ind2=" ">
    <subfield code="a">Universidad Abierta para Adultos (UAPA), Recinto Santiago</subfield>
  </datafield>
  <datafield tag="910" ind1=" " ind2=" ">
    <subfield code="a">NULL</subfield>
    <subfield code="b">NULL</subfield>
  </datafield>
  <datafield tag="911" ind1=" " ind2=" ">
    <subfield code="a">["1"]</subfield>
  </datafield>
  <datafield tag="912" ind1=" " ind2=" ">
    <subfield code="a">NO APLICA</subfield>
  </datafield>
  <datafield tag="913" ind1=" " ind2=" ">
    <subfield code="a">NULL</subfield>
  </datafield>
  <datafield tag="914" ind1=" " ind2=" ">
    <subfield code="a">21 de Marzo de 2018</subfield>
  </datafield>
  <datafield tag="915" ind1=" " ind2=" ">
    <subfield code="a">14/11/19 12:11</subfield>
  </datafield>
  <datafield tag="916" ind1=" " ind2=" ">
    <subfield code="a">NULL</subfield>
  </datafield>
  <datafield tag="917" ind1=" " ind2=" ">
    <subfield code="a">NULL</subfield>
  </datafield>
  <datafield tag="918" ind1=" " ind2=" ">
    <subfield code="a">NO APLICA</subfield>
  </datafield>
  <datafield tag="919" ind1=" " ind2=" ">
    <subfield code="a">["218","346","180","296","191"]</subfield>
  </datafield>
  <datafield tag="520" ind1=" " ind2=" ">
    <subfield code="a">Las Nuevas Tecnolog&#xED;a de Informaci&#xF3;n y Comunicaci&#xF3;n han impactado todos los sectores de la vida del ser humano; en lo particular la educaci&#xF3;n ha sido uno de los m&#xE1;s beneficiados con toda esta revoluci&#xF3;n tecnol&#xF3;gica. Tanto as&#xED;, que han surgido nuevas metodolog&#xED;as de estudio que obligan a cambiar e integrar nuevas estrategias y t&#xE9;cnicas para dotar a los estudiantes de las habilidades necesarias para habitar en los nuevos tiempos.&#xA0;En este sentido, esta investigaci&#xF3;n se presenta el Blended Learning como estrategia pedag&#xF3;gica para mejorar el rendimiento acad&#xE9;mico de los estudiantes de la asignatura Simulaci&#xF3;n de Sistema en la Universidad Dominicana O&amp;M, extensi&#xF3;n Moca, en el per&#xED;odo septiembre-diciembre del a&#xF1;o 2017; para lograr mejoras en los aprendizajes de los estudiantes, producir en ellos mayor motivaci&#xF3;n al momento de realizar sus actividades y poder lograr que estos obtengan un aprendizaje significativo. Esta es de tipo investigaci&#xF3;n acci&#xF3;n, bajo el modelo planteado por Kemmis, ya que permite ir observando y reflexionando seg&#xFA;n se da el proceso de intervenci&#xF3;n, lo que facilita mejorar la pr&#xE1;ctica educativa, integrando nuevas estrategias de ense&#xF1;anza y de aprendizaje.&#xA0;Como resultado relevante se puede destacar que el aprendizaje h&#xED;brido mejor&#xF3; el rendimiento de los estudiantes, puesto que estos demostraron m&#xE1;s inter&#xE9;s y dedicaci&#xF3;n al momento de realizar las actividades propuestas en la asignatura. Adem&#xE1;s, estos aspectos positivos se pusieron de manifiesto a trav&#xE9;s de los resultados obtenidos en las &#xFA;ltimas evaluaciones de la asignatura, donde todos los participantes promovieron con altas calificaciones, demostrando un mejor desarrollo cognitivo. Esto contrasta con los resultados obtenidos en las evaluaciones anteriores.&#xA0;Palabras claves: Blended Learning, rendimiento acad&#xE9;mico, estrategias.</subfield>
  </datafield>
  <datafield tag="921" ind1=" " ind2=" ">
    <subfield code="a">69</subfield>
  </datafield>
  <datafield tag="922" ind1=" " ind2=" ">
    <subfield code="a">69</subfield>
  </datafield>
  <datafield tag="923" ind1=" " ind2=" ">
    <subfield code="a">1</subfield>
  </datafield>
  <datafield tag="924" ind1=" " ind2=" ">
    <subfield code="a">20191104000753</subfield>
  </datafield>
  <datafield tag="942" ind1=" " ind2=" ">
    <subfield code="c">Tesis</subfield>
  </datafield>
  <datafield tag="999" ind1=" " ind2=" ">
    <subfield code="c">6368</subfield>
    <subfield code="d">6368</subfield>
  </datafield>
</record>
